All Countries by Majority Language. - Statistics

General Stats
  • This quiz has been taken 88 times
  • The average score is 176 of 196
Answer Stats
Hint Answer % Correct
China | Taiwan Chinese
99%
Antigua and Barbuda | Australia | Bahamas | +30 others English
99%
Benin | Cameroon | Central African Republic | +10 others French
99%
Haiti Haitian Creole
99%
Angola | Brazil | Cabo Verde | +5 others Portuguese
99%
Seychelles Seychellois Creole
99%
Argentina | Bolivia | Chile | +17 others Spanish
99%
Algeria | Bahrain | Egypt | +15 others Arabic
97%
Belgium | Netherlands | Suriname Dutch
97%
Austria | Germany | Liechtenstein | Switzerland German
97%
Italy | San Marino | Vatican City Italian
97%
Belarus | Russia Russian
97%
Cyprus | Greece Greek
96%
Japan Japanese
96%
Latvia Latvian
96%
Bosnia and Herzegovina | Croatia | Montenegro | Serbia Serbo-Croatian
96%
Turkey Turkish
96%
Albania | Kosovo Albanian
94%
India Hindi
94%
Hungary Hungarian
94%
North Korea | South Korea Korean
94%
Lithuania Lithuanian
94%
Thailand Thai
94%
Armenia Armenian
93%
Bulgaria Bulgarian
93%
Denmark Danish
93%
Estonia Estonian
93%
Georgia Georgian
93%
Cambodia Khmer
93%
Brunei | Malaysia Malay
93%
Iran Persian
93%
Afghanistan Persian (Dari)
93%
Poland Polish
93%
Moldova | Romania Romanian
93%
Bangladesh Bengali
92%
Czechia Czech
92%
Finland Finnish
92%
Nepal Nepali
92%
Norway Norwegian
92%
Slovakia Slovak
92%
Sweden Swedish
92%
Vietnam Vietnamese
92%
Azerbaijan Azerbaijani
90%
Iceland Icelandic
90%
Indonesia Indonesian
90%
Kazakhstan Kazakh
90%
Laos Lao
89%
Tajikistan Tajik
89%
Uzbekistan Uzbek
89%
Israel Hebrew
88%
North Macedonia Macedonian
88%
Mongolia Mongolian
88%
Turkmenistan Turkmen
88%
Myanmar Burmese
86%
Malta Maltese
86%
Djibouti | Somalia Somali
86%
Kyrgyzstan Kyrgyz
85%
Samoa Samoan
85%
Philippines Tagalog
85%
Pakistan Urdu
83%
Andorra Catalan
82%
Kenya | Tanzania Swahili
82%
Bhutan Dzongkha
79%
Luxembourg Luxembourgish
79%
Slovenia Slovenian
79%
Tonga Tongan
76%
Nauru Nauruan
72%
Tuvalu Tuvaluan
72%
South Africa Zulu
72%
Madagascar Malagasy
68%
Fiji Fijian
67%
Marshall Islands Marshallese
65%
Palau Palauan
65%
Lesotho Sesotho
63%
Rwanda Kinyarwanda
61%
Burundi Kirundi
57%
Eswatini Swazi
57%
Sri Lanka Sinhalese
53%
Kiribati Gilbertese
49%
Eritrea Tigrinya
49%
Comoros Comorian
44%
Ethiopia Oromo
43%
Niger Hausa
39%
Papua New Guinea Tok Pisin
33%
Ukraine Ukranian
32%
Maldives Dhivehi
26%
Mali Bambara
25%
Vanuatu Bislama
25%
Zimbabwe Shona
22%
Burkina Faso Mooré
15%
No matching quizzes found
Score Distribution
Percent of People with Each Score
Percentile by Number Answered
Your Score History
You have not taken this quiz